<?xml version="1.0" encoding="UTF-8"?>
<record
    xmlns:xsi="http://www.w3.org/2001/XMLSchema-instance"
    xsi:schemaLocation="http://www.loc.gov/MARC21/slim http://www.loc.gov/standards/marcxml/schema/MARC21slim.xsd"
    xmlns="http://www.loc.gov/MARC21/slim">

  <leader>01041naa a2200217 i 4500</leader>
  <controlfield tag="001">10061</controlfield>
  <controlfield tag="003">KOSZ 005</controlfield>
  <controlfield tag="005">20180417110441.0</controlfield>
  <controlfield tag="008">180414s2005    pl           |000 0 pol  </controlfield>
  <datafield tag="015" ind1=" " ind2=" ">
    <subfield code="a">BZCz 2007/10175</subfield>
  </datafield>
  <datafield tag="035" ind1=" " ind2=" ">
    <subfield code="a">(OCoLC)1008662786</subfield>
  </datafield>
  <datafield tag="040" ind1=" " ind2=" ">
    <subfield code="a">WA N</subfield>
    <subfield code="c">WA N</subfield>
    <subfield code="d">KOSZ 005/HR</subfield>
  </datafield>
  <datafield tag="100" ind1=" " ind2=" ">
    <subfield code="a">PARTACZ, Czes&#x142;aw.</subfield>
    <subfield code="d">2007-2012.</subfield>
    <subfield code="b">Politechnika Koszali&#x144;ska - Instytut Polityki Spo&#x142;ecznej i Stosunk&#xF3;w Mi&#x119;dzynarodowych,</subfield>
    <subfield code="c">Zak&#x142;ad Europy &#x15A;rodkowej i Wschodniej.</subfield>
  </datafield>
  <datafield tag="245" ind1="1" ind2="0">
    <subfield code="a">Reformy rad narodowych w latach 1972-1975 :</subfield>
    <subfield code="b">przyk&#x142;ad wojew&#xF3;dztwa koszali&#x144;skiego /</subfield>
    <subfield code="c">Czes&#x142;aw Partacz, Agnieszka Lipska-Sondecka.</subfield>
  </datafield>
  <datafield tag="648" ind1=" " ind2="0">
    <subfield code="a">1945-1989</subfield>
    <subfield code="9">7070</subfield>
  </datafield>
  <datafield tag="650" ind1=" " ind2="0">
    <subfield code="a">Rady narodowe</subfield>
  </datafield>
  <datafield tag="651" ind1=" " ind2="0">
    <subfield code="a">Koszalin (woj. zachodniopomorskie ; okr&#x119;g)</subfield>
    <subfield code="9">6827</subfield>
  </datafield>
  <datafield tag="700" ind1=" " ind2=" ">
    <subfield code="a">LIPSKA-SONDECKA, Agnieszka.</subfield>
    <subfield code="d">1998 - .</subfield>
    <subfield code="b">Politechnika Koszali&#x144;ska - Instytut Polityki Spo&#x142;ecznej i Stosunk&#xF3;w Mi&#x119;dzynarodowych,</subfield>
    <subfield code="c">Zak&#x142;ad Stosunk&#xF3;w Mi&#x119;dzynarodowych</subfield>
  </datafield>
  <datafield tag="773" ind1="0" ind2=" ">
    <subfield code="i">W:</subfield>
    <subfield code="t">Rocznik Koszali&#x144;ski. -</subfield>
    <subfield code="g">2005, nr 33, s. 55-58</subfield>
    <subfield code="x">0137-5652</subfield>
  </datafield>
  <datafield tag="942" ind1=" " ind2=" ">
    <subfield code="2">UKD</subfield>
    <subfield code="c">ART</subfield>
  </datafield>
  <datafield tag="999" ind1=" " ind2=" ">
    <subfield code="c">10061</subfield>
    <subfield code="d">10061</subfield>
  </datafield>
</record>
